Introduction to research methods / (Record no. 3780)

000 -LEADER
fixed length control field 01193cam a2200325 a 4500
001 - CONTROL NUMBER
control field 12478001
003 - CONTROL NUMBER IDENTIFIER
control field OSt
005 - DATE AND TIME OF LATEST TRANSACTION
control field 20170320121345.0
008 - FIXED-LENGTH DATA ELEMENTS--GENERAL INFORMATION
fixed length control field 010720s2000 enka b 001 0 eng d
010 ## - LIBRARY OF CONGRESS CONTROL NUMBER
LC control number 2001272071
020 ## - INTERNATIONAL STANDARD BOOK NUMBER
International Standard Book Number 9780582809529
035 ## - SYSTEM CONTROL NUMBER
System control number (OCoLC)ocm42701236
040 ## - CATALOGING SOURCE
Original cataloging agency UKM
Transcribing agency UKM
Modifying agency DGU
-- DLC
042 ## - AUTHENTICATION CODE
Authentication code lccopycat
050 00 - LIBRARY OF CONGRESS CALL NUMBER
Classification number H62.B864 1997
082 00 - DEWEY DECIMAL CLASSIFICATION NUMBER
Classification number 001.4/2
Edition number 21
100 1# - MAIN ENTRY--PERSONAL NAME
Personal name Burns, Robert B.
Fuller form of name (Robert Bounds),
Dates associated with a name 1951-
245 10 - TITLE STATEMENT
Title Introduction to research methods /
Statement of responsibility, etc Robert B. Burns.
250 ## - EDITION STATEMENT
Edition statement 3rd ed.
260 ## - PUBLICATION, DISTRIBUTION, ETC. (IMPRINT)
Place of publication, distribution, etc London ;
-- Thousand Oaks, Calif. :
Name of publisher, distributor, etc SAGE,
Date of publication, distribution, etc 1997.
300 ## - PHYSICAL DESCRIPTION
Extent ix, 613 p. :
Other physical details ill. ;
Dimensions 25 cm.
504 ## - BIBLIOGRAPHY, ETC. NOTE
Bibliography, etc Includes bibliographical references and index.
650 #0 - SUBJECT ADDED ENTRY--TOPICAL TERM
Topical term or geographic name as entry element Social sciences
General subdivision Research
-- Methodology.
650 #0 - SUBJECT ADDED ENTRY--TOPICAL TERM
Topical term or geographic name as entry element Education
General subdivision Research
-- Methodology.
856 42 - ELECTRONIC LOCATION AND ACCESS
Materials specified Publisher description
Uniform Resource Identifier <a href="http://www.loc.gov/catdir/enhancements/fy0657/2001272071-d.html">http://www.loc.gov/catdir/enhancements/fy0657/2001272071-d.html</a>
856 41 - ELECTRONIC LOCATION AND ACCESS
Materials specified Table of contents only
Uniform Resource Identifier <a href="http://www.loc.gov/catdir/enhancements/fy0657/2001272071-t.html">http://www.loc.gov/catdir/enhancements/fy0657/2001272071-t.html</a>
906 ## - LOCAL DATA ELEMENT F, LDF (RLIN)
a 7
b cbc
c copycat
d 2
e ncip
f 20
g y-gencatlg
942 ## - ADDED ENTRY ELEMENTS (KOHA)
Source of classification or shelving scheme
Koha item type Book
Holdings
Withdrawn status Lost status Source of classification or shelving scheme Damaged status Not for loan Home library Current library Shelving location Date acquired Total Checkouts Full call number Barcode Date last seen Date checked out Copy number Price effective from Koha item type
          Riara University Library Riara University Library General stack 20/03/2017 4 H62.B864 1997 8903/17 21/09/2021 22/02/2021 C.1 20/03/2017 Book

Riara University Library,
P.O. Box 49940-00100,
Nairobi, Kenya.